00488nam a2200157 a 450000100100000000500170001000800410002702000150006804000250008308200220010810000370013024500990016725000110026626000420027730000110031900003550720200930074407.0111102s1979 mx 000 0 spa d a9682406455 aDO-SdBNPbspacBNPHU axxxxbL323e, 19791 aLaris Casillas, Francisco Javier10aEstrategias para la planeación y el control empresarial. /cFrancisco Javier Laris Casillas. a2a ed. aMéxico :bEditorial Trillas,c1979. a343 p.